Tir à l'arc 2023 : De quel pays est originaire le champion du monde ? - Statistiques

Statistiques générales
  • Ce quiz a été pris 22 fois
  • Le résultat moyen est 5 sur 10
Statistiques - réponses
Hint Réponse % Correct
Arc classique Par équipes H Corée-du-Sud
78%
Arc classique Par équipes Mixte Corée-du-Sud
78%
Arc classique Individuel H Turquie
67%
Arc classique Par équipes F Allemagne
44%
Arc à poulie Par équipes Mixte Etats-Unis
39%
Arc à poulie Individuel H Inde
33%
Arc à poulie Individuel F Inde
33%
Arc classique Individuel F Tchéquie
33%
Arc à poulie Par équipes F Inde
28%
Arc à poulie Par équipes H Pologne
17%
Aucun quiz correspondant
Distribution des résultats
% des personnes avec chaque résultat
Percentile par nombre de réponses
Votre historique - résultats
Vous n’avez pas pris ce quiz